00453nam a22001577a 450000500170000001000150001702000260003203500140005803700090007208200080008110000170008924500620010626000430016827000640021130000200027520250114165348.0 aENG-143404 a9788119936250c550.00 aEN-126936 bDBAD a954 aJafa, Navina aExhibiting India:cBy Navina JafabArt Of Heritage Walks/ aNew DelhibPublications Divisionc2024 aSoochana Bhawan, CGO complex, Lodhi RoadbNew Delhie110003 a208p.c25cm(hb)